[Event "ODJM A 2025"]
[Site "Willingen GER"]
[Date "2025.06.11"]
[Round "6"]
[White "Zweigait, Leon"]
[Black "Bergmann, Lennart"]
[Result "1-0"]
[Termination "normal"]
[Board "21"]
[WhiteElo "1913"]
[BlackElo "1860"]
[WhiteClock "00:31:39"]
[BlackClock "00:25:13"]
[PlyCount "87"]
[WhiteFideId "16201388"]
[BlackFideId "16270657"]
[EventCountry "GER"]
[EventRounds "9"]
[EventType "swiss"]
[EventDate "2025.06.07"]

1. e4 {[%emt 00:00:14]} c5 {[%clk 01:30:44]} {[%emt 00:00:04]} 2. Nf3 {[%clk
01:31:21]} {[%emt 00:00:07]} Nc6 {[%clk 01:31:10]} {[%emt 00:00:04]} 3. d4
{[%clk 01:31:46]} {[%emt 00:00:05]} cxd4 {[%clk 01:31:36]} {[%emt 00:00:04]} 4.
Nxd4 {[%clk 01:32:07]} {[%emt 00:00:09]} e5 {[%clk 01:32:02]} {[%emt 00:00:03]}
5. Nb5 {[%clk 01:32:30]} {[%emt 00:00:08]} d6 {[%clk 01:32:25]} {[%emt
00:00:07]} 6. N1c3 {[%clk 01:32:55]} {[%emt 00:00:04]} a6 {[%clk 01:32:48]}
{[%emt 00:00:08]} 7. Na3 {[%clk 01:33:20]} {[%emt 00:00:05]} Be7 {[%clk
01:32:49]} {[%emt 00:00:29]} 8. Nc4 {[%clk 01:33:09]} {[%emt 00:00:41]} b5
{[%clk 01:32:05]} {[%emt 00:01:13]} 9. Ne3 {[%clk 01:33:29]} {[%emt 00:00:11]}
Nf6 {[%clk 01:32:27]} {[%emt 00:00:08]} 10. Ned5 {[%clk 01:32:41]} {[%emt
00:01:17]} b4 {[%clk 01:30:51]} {[%emt 00:02:07]} 11. Nxf6+ {[%clk 01:32:53]}
{[%emt 00:00:17]} Bxf6 {[%clk 01:31:10]} {[%emt 00:00:10]} 12. Nd5 {[%clk
01:33:15]} {[%emt 00:00:08]} O-O {[%clk 01:31:26]} {[%emt 00:00:15]} 13. Be3
{[%clk 01:29:17]} {[%emt 00:04:28]} Rb8 {[%clk 01:29:38]} {[%emt 00:02:18]} 14.
Qd2 {[%clk 01:25:10]} {[%emt 00:04:37]} Be6 {[%clk 01:28:24]} {[%emt 00:01:44]}
15. Bxa6 {[%clk 01:20:51]} {[%emt 00:04:50]} Bxd5 {[%clk 01:27:11]} {[%emt
00:01:42]} 16. exd5 {[%clk 01:17:42]} {[%emt 00:03:39]} Nd4 {[%clk 01:27:09]}
{[%emt 00:00:32]} 17. Qd3 {[%clk 01:16:42]} {[%emt 00:01:29]} Qa5 {[%clk
01:23:54]} {[%emt 00:03:47]} 18. Bc4 {[%clk 01:16:39]} {[%emt 00:00:34]} e4
{[%clk 01:21:35]} {[%emt 00:02:48]} 19. Qxe4 {[%clk 00:52:04]} {[%emt
00:25:05]} Rfe8 {[%clk 01:12:03]} {[%emt 00:10:01]} 20. Qd3 {[%clk 00:52:26]}
{[%emt 00:00:09]} b3+ {[%clk 01:12:28]} {[%emt 00:00:05]} 21. c3 {[%clk
00:52:38]} {[%emt 00:00:17]} Nc2+ {[%clk 01:12:04]} {[%emt 00:00:54]} 22. Kd2
{[%clk 00:52:52]} {[%emt 00:00:16]} Nxa1 {[%clk 01:11:45]} {[%emt 00:00:50]}
23. Rxa1 {[%clk 00:53:12]} {[%emt 00:00:10]} bxa2 {[%clk 01:11:05]} {[%emt
00:01:15]} 24. Rxa2 {[%clk 00:53:14]} {[%emt 00:00:23]} Qxa2 {[%clk 00:58:05]}
{[%emt 00:13:30]} 25. Bxa2 {[%clk 00:53:31]} {[%emt 00:00:13]} Rxb2+ {[%clk
00:58:32]} {[%emt 00:00:03]} 26. Kd1 {[%clk 00:49:40]} {[%emt 00:04:20]} Rxa2
{[%clk 00:53:14]} {[%emt 00:05:48]} 27. Qb5 {[%clk 00:50:02]} {[%emt 00:00:08]}
Rea8 {[%clk 00:52:53]} {[%emt 00:00:52]} 28. Qb4 {[%clk 00:48:52]} {[%emt
00:01:39]} h6 {[%clk 00:51:28]} {[%emt 00:01:55]} 29. Bd2 {[%clk 00:45:19]}
{[%emt 00:04:02]} R8a3 {[%clk 00:42:19]} {[%emt 00:09:40]} 30. Qxd6 {[%clk
00:44:57]} {[%emt 00:00:52]} Bxc3 {[%clk 00:42:14]} {[%emt 00:00:36]} 31. Bxc3
{[%clk 00:36:11]} {[%emt 00:09:17]} Rb3 {[%clk 00:40:51]} {[%emt 00:01:52]} 32.
Bd2 {[%clk 00:34:15]} {[%emt 00:02:25]} Rd3 {[%clk 00:30:05]} {[%emt 00:11:15]}
33. Qb4 {[%clk 00:33:48]} {[%emt 00:00:57]} f5 {[%clk 00:25:18]} {[%emt
00:05:18]} 34. Ke1 {[%clk 00:30:37]} {[%emt 00:03:41]} Rxd5 {[%clk 00:25:13]}
{[%emt 00:00:35]} 35. Bc3 {[%clk 00:30:56]} {[%emt 00:00:11]} Ra8 {[%clk
00:24:52]} {[%emt 00:00:52]} 36. g3 {[%clk 00:30:18]} {[%emt 00:01:07]} Re8+
{[%clk 00:24:36]} {[%emt 00:00:46]} 37. Kf1 {[%clk 00:30:38]} {[%emt 00:00:10]}
Rd7 {[%clk 00:24:35]} {[%emt 00:00:31]} 38. Qb5 {[%clk 00:30:41]} {[%emt
00:00:26]} Rde7 {[%clk 00:24:18]} {[%emt 00:00:48]} 39. Qxf5 {[%clk 00:30:53]}
{[%emt 00:00:18]} Rf8 {[%clk 00:24:33]} {[%emt 00:00:14]} 40. Qg6 {[%clk
00:30:50]} {[%emt 00:00:34]} Ref7 {[%clk 00:24:47]} {[%emt 00:00:16]} 41. Bd4
{[%clk 00:30:46]} {[%emt 00:00:33]} Rd8 {[%clk 00:25:08]} {[%emt 00:00:09]} 42.
Be5 {[%clk 00:30:59]} {[%emt 00:00:19]} Rdf8 {[%clk 00:25:12]} {[%emt
00:00:25]} 43. f4 {[%clk 00:31:20]} {[%emt 00:00:09]} Re8 {[%clk 00:25:13]}
{[%emt 00:00:29]} 44. Bxg7 {[%clk 00:31:39]} {[%emt 00:00:11]} 1-0

[Event "ODJM A 2025"]
[Site "Willingen GER"]
[Date "2025.06.11"]
[Round "6"]
[White "Beckmann, Jonathan"]
[Black "Beduschi, Ben"]
[Result "1/2-1/2"]
[Termination "normal"]
[Board "22"]
[WhiteElo "1904"]
[BlackElo "2017"]
[WhiteClock "00:13:37"]
[BlackClock "00:01:20"]
[PlyCount "42"]
[WhiteFideId "34672591"]
[BlackFideId "16273443"]
[EventCountry "GER"]
[EventRounds "9"]
[EventType "swiss"]
[EventDate "2025.06.07"]

1. d4 {[%clk 01:30:59]} d5 {[%clk 01:30:23]} {[%emt 00:00:38]} 2. c4 {[%clk
01:31:22]} {[%emt 00:00:06]} dxc4 {[%clk 01:30:48]} {[%emt 00:00:05]} 3. e4
{[%clk 01:31:48]} {[%emt 00:00:04]} e5 {[%clk 01:31:10]} {[%emt 00:00:09]} 4.
Nf3 {[%clk 01:32:14]} {[%emt 00:00:05]} Bb4+ {[%clk 01:31:32]} {[%emt
00:00:07]} 5. Nbd2 {[%clk 01:31:30]} {[%emt 00:01:14]} c3 {[%clk 01:31:32]}
{[%emt 00:00:29]} 6. bxc3 {[%clk 01:31:32]} {[%emt 00:00:28]} Bxc3 {[%clk
01:31:59]} {[%emt 00:00:03]} 7. Rb1 {[%clk 01:31:44]} {[%emt 00:00:19]} exd4
{[%clk 01:32:09]} {[%emt 00:00:19]} 8. Bc4 {[%clk 01:30:22]} {[%emt 00:01:52]}
Nc6 {[%clk 01:31:31]} {[%emt 00:01:09]} 9. O-O {[%clk 01:29:37]} {[%emt
00:01:15]} Nge7 {[%clk 01:14:57]} {[%emt 00:17:00]} 10. Ng5 {[%clk 00:55:38]}
{[%emt 00:34:33]} Ne5 {[%clk 01:14:00]} {[%emt 00:01:26]} 11. Bb3 {[%clk
00:54:08]} {[%emt 00:02:00]} O-O {[%clk 00:36:34]} {[%emt 00:37:56]} 12. f4
{[%clk 00:45:54]} {[%emt 00:08:43]} Ng4 {[%clk 00:28:38]} {[%emt 00:08:27]} 13.
f5 {[%clk 00:35:03]} {[%emt 00:11:21]} Ne5 {[%clk 00:21:11]} {[%emt 00:07:57]}
14. Qh5 {[%clk 00:34:27]} {[%emt 00:01:06]} h6 {[%clk 00:21:22]} {[%emt
00:00:20]} 15. Ndf3 {[%clk 00:34:30]} {[%emt 00:00:26]} N7c6 {[%clk 00:15:28]}
{[%emt 00:06:23]} 16. Nxe5 {[%clk 00:20:22]} {[%emt 00:14:39]} Nxe5 {[%clk
00:15:48]} {[%emt 00:00:10]} 17. f6 {[%clk 00:20:39]} {[%emt 00:00:13]} Bg4
{[%clk 00:10:53]} {[%emt 00:05:25]} 18. Qh4 {[%clk 00:21:00]} {[%emt 00:00:09]}
Qd7 {[%clk 00:06:52]} {[%emt 00:04:31]} 19. h3 {[%clk 00:12:53]} {[%emt
00:08:38]} Ng6 {[%clk 00:05:20]} {[%emt 00:02:01]} 20. Qg3 {[%clk 00:13:18]}
{[%emt 00:00:06]} hxg5 {[%clk 00:02:05]} {[%emt 00:03:44]} 21. hxg4 {[%clk
00:13:37]} {[%emt 00:00:11]} gxf6 {[%clk 00:01:20]} {[%emt 00:01:16]} 1/2-1/2

[Event "ODJM A 2025"]
[Site "Willingen GER"]
[Date "2025.06.11"]
[Round "6"]
[White "Alheit, Maximilian"]
[Black "Zhang, Onno"]
[Result "0-1"]
[Termination "normal"]
[Board "23"]
[WhiteElo "1884"]
[BlackElo "1859"]
[WhiteClock "00:26:29"]
[BlackClock "00:10:39"]
[PlyCount "76"]
[WhiteFideId "34607676"]
[BlackFideId "34643397"]
[EventCountry "GER"]
[EventRounds "9"]
[EventType "swiss"]
[EventDate "2025.06.07"]

1. e4 {[%clk 01:30:59]} c5 {[%clk 01:30:54]} {[%emt 00:00:06]} 2. Nf3 {[%clk
01:31:26]} {[%emt 00:00:04]} d6 {[%clk 01:31:17]} {[%emt 00:00:06]} 3. d4
{[%clk 01:31:53]} {[%emt 00:00:04]} cxd4 {[%clk 01:31:40]} {[%emt 00:00:06]} 4.
Nxd4 {[%clk 01:32:19]} {[%emt 00:00:04]} Nf6 {[%clk 01:32:01]} {[%emt
00:00:08]} 5. Nc3 {[%clk 01:32:46]} {[%emt 00:00:04]} a6 {[%clk 01:32:25]}
{[%emt 00:00:07]} 6. h3 {[%clk 01:33:12]} {[%emt 00:00:03]} e5 {[%clk
01:32:42]} {[%emt 00:00:13]} 7. Nde2 {[%clk 01:33:38]} {[%emt 00:00:04]} Be7
{[%clk 01:32:02]} {[%emt 00:01:09]} 8. g4 {[%clk 01:34:03]} {[%emt 00:00:06]}
h6 {[%clk 01:31:28]} {[%emt 00:01:04]} 9. Bg2 {[%clk 01:34:18]} {[%emt
00:00:15]} O-O {[%clk 01:30:55]} {[%emt 00:01:03]} 10. a4 {[%clk 01:33:18]}
{[%emt 00:01:30]} b6 {[%clk 01:31:02]} {[%emt 00:00:22]} 11. Nd5 {[%clk
01:28:44]} {[%emt 00:05:05]} Nxd5 {[%clk 01:30:45]} {[%emt 00:00:47]} 12. Qxd5
{[%clk 01:29:07]} {[%emt 00:00:07]} Qc7 {[%clk 01:30:45]} {[%emt 00:00:30]} 13.
Be3 {[%clk 01:29:06]} {[%emt 00:00:32]} Bb7 {[%clk 01:29:44]} {[%emt 00:01:30]}
14. Qd2 {[%clk 01:29:17]} {[%emt 00:00:18]} Nd7 {[%clk 01:29:20]} {[%emt
00:00:55]} 15. O-O {[%clk 01:29:23]} {[%emt 00:00:24]} Nf6 {[%clk 01:28:30]}
{[%emt 00:01:20]} 16. Nc3 {[%clk 01:25:20]} {[%emt 00:04:33]} Rac8 {[%clk
01:27:26]} {[%emt 00:01:34]} 17. Rac1 {[%clk 01:19:41]} {[%emt 00:06:09]} Qc4
{[%clk 01:15:01]} {[%emt 00:12:54]} 18. Bxb6 {[%clk 01:08:16]} {[%emt
00:11:56]} Nxe4 {[%clk 01:14:06]} {[%emt 00:01:25]} 19. Nxe4 {[%clk 01:07:33]}
{[%emt 00:01:13]} Bxe4 {[%clk 01:14:14]} {[%emt 00:00:22]} 20. b3 {[%clk
01:03:46]} {[%emt 00:04:17]} Qc6 {[%clk 01:14:08]} {[%emt 00:00:35]} 21. Bxe4
{[%clk 01:04:04]} {[%emt 00:00:12]} Qxe4 {[%clk 01:14:22]} {[%emt 00:00:16]}
22. c4 {[%clk 01:01:27]} {[%emt 00:03:09]} Kh8 {[%clk 01:07:37]} {[%emt
00:07:14]} 23. Qd5 {[%clk 00:58:55]} {[%emt 00:03:01]} Qg6 {[%clk 01:03:55]}
{[%emt 00:04:12]} 24. f3 {[%clk 00:55:47]} {[%emt 00:03:38]} f5 {[%clk
01:01:35]} {[%emt 00:02:51]} 25. Rf2 {[%clk 00:44:05]} {[%emt 00:12:12]} Rb8
{[%clk 00:46:17]} {[%emt 00:15:48]} 26. a5 {[%clk 00:44:17]} {[%emt 00:00:18]}
e4 {[%clk 00:35:11]} {[%emt 00:11:36]} 27. fxe4 {[%clk 00:30:00]} {[%emt
00:14:46]} fxg4 {[%clk 00:33:08]} {[%emt 00:02:33]} 28. Rg2 {[%clk 00:30:12]}
{[%emt 00:00:18]} Bg5 {[%clk 00:19:49]} {[%emt 00:13:50]} 29. Rxg4 {[%clk
00:30:08]} {[%emt 00:00:34]} Qf6 {[%clk 00:17:41]} {[%emt 00:02:38]} 30. Rd1
{[%clk 00:28:24]} {[%emt 00:02:13]} Rxb6 {[%clk 00:17:06]} {[%emt 00:01:06]}
31. axb6 {[%clk 00:28:06]} {[%emt 00:00:48]} Qf2+ {[%clk 00:16:33]} {[%emt
00:01:02]} 32. Kh1 {[%clk 00:28:30]} {[%emt 00:00:07]} Rf3 {[%clk 00:11:54]}
{[%emt 00:05:09]} 33. Rh4 {[%clk 00:24:41]} {[%emt 00:04:19]} Qxh4 {[%clk
00:09:07]} {[%emt 00:03:17]} 34. Qa8+ {[%clk 00:25:01]} {[%emt 00:00:10]} Kh7
{[%clk 00:09:29]} {[%emt 00:00:08]} 35. Qc8 {[%clk 00:25:23]} {[%emt 00:00:08]}
Rxh3+ {[%clk 00:09:36]} {[%emt 00:00:22]} 36. Kg2 {[%clk 00:25:43]} {[%emt
00:00:11]} Qg3+ {[%clk 00:09:55]} {[%emt 00:00:11]} 37. Kf1 {[%clk 00:26:05]}
{[%emt 00:00:08]} Rh1+ {[%clk 00:10:15]} {[%emt 00:00:09]} 38. Ke2 {[%clk
00:26:29]} {[%emt 00:00:07]} Qe3# {[%clk 00:10:39]} {[%emt 00:00:05]} 0-1

[Event "ODJM A 2025"]
[Site "Willingen GER"]
[Date "2025.06.11"]
[Round "6"]
[White "Theisen, Johannes"]
[Black "Storm, Max"]
[Result "0-1"]
[Termination "normal"]
[Board "24"]
[WhiteElo "1831"]
[BlackElo "2061"]
[WhiteClock "00:00:45"]
[BlackClock "00:03:08"]
[PlyCount "76"]
[WhiteFideId "16255526"]
[BlackFideId "34625658"]
[EventCountry "GER"]
[EventRounds "9"]
[EventType "swiss"]
[EventDate "2025.06.07"]

1. e4 {[%emt 00:00:12]} e6 {[%clk 01:30:51]} 2. d4 {[%clk 01:31:20]} {[%emt
00:00:06]} d5 {[%clk 01:31:16]} {[%emt 00:00:04]} 3. Nd2 {[%clk 01:31:47]}
{[%emt 00:00:04]} Nc6 {[%clk 01:31:41]} {[%emt 00:00:04]} 4. Ngf3 {[%clk
01:31:52]} {[%emt 00:00:25]} Nf6 {[%clk 01:31:57]} {[%emt 00:00:14]} 5. e5
{[%clk 01:31:43]} {[%emt 00:00:39]} Nd7 {[%clk 01:32:25]} {[%emt 00:00:02]} 6.
Nb3 {[%clk 01:31:22]} {[%emt 00:00:52]} Be7 {[%clk 01:32:43]} {[%emt 00:00:11]}
7. Bb5 {[%clk 01:30:58]} {[%emt 00:00:55]} O-O {[%clk 01:19:01]} {[%emt
00:14:11]} 8. O-O {[%clk 01:30:49]} {[%emt 00:00:39]} a5 {[%clk 01:17:27]}
{[%emt 00:02:04]} 9. a4 {[%clk 01:29:44]} {[%emt 00:01:35]} Na7 {[%clk
01:07:08]} {[%emt 00:10:49]} 10. Bd3 {[%clk 01:17:57]} {[%emt 00:12:17]} b6
{[%clk 01:05:50]} {[%emt 00:01:48]} 11. c3 {[%clk 01:17:52]} {[%emt 00:00:36]}
c5 {[%clk 01:05:45]} {[%emt 00:00:34]} 12. Bc2 {[%clk 01:17:16]} {[%emt
00:01:05]} Ba6 {[%clk 01:02:14]} {[%emt 00:04:02]} 13. Re1 {[%clk 01:17:23]}
{[%emt 00:00:23]} Nc6 {[%clk 01:00:46]} {[%emt 00:01:58]} 14. Be3 {[%clk
01:16:14]} {[%emt 00:01:39]} Rc8 {[%clk 00:56:12]} {[%emt 00:05:04]} 15. Rc1
{[%clk 01:09:58]} {[%emt 00:06:46]} Re8 {[%clk 00:46:23]} {[%emt 00:10:19]} 16.
h3 {[%clk 01:07:36]} {[%emt 00:02:52]} cxd4 {[%clk 00:39:46]} {[%emt 00:07:07]}
17. cxd4 {[%clk 01:06:42]} {[%emt 00:01:25]} Nb4 {[%clk 00:38:05]} {[%emt
00:02:11]} 18. Bb1 {[%clk 01:06:35]} {[%emt 00:00:36]} Rxc1 {[%clk 00:35:16]}
{[%emt 00:03:19]} 19. Bxc1 {[%clk 01:03:12]} {[%emt 00:03:52]} Nf8 {[%clk
00:35:10]} {[%emt 00:00:36]} 20. Re3 {[%clk 00:54:32]} {[%emt 00:09:11]} Qd7
{[%clk 00:34:22]} {[%emt 00:01:18]} 21. Nbd2 {[%clk 00:54:10]} {[%emt
00:00:52]} Rc8 {[%clk 00:33:21]} {[%emt 00:01:31]} 22. Nf1 {[%clk 00:53:03]}
{[%emt 00:01:37]} Rc7 {[%clk 00:27:27]} {[%emt 00:06:24]} 23. h4 {[%clk
00:37:07]} {[%emt 00:16:26]} b5 {[%clk 00:24:07]} {[%emt 00:03:51]} 24. Ng5
{[%clk 00:14:07]} {[%emt 00:23:29]} bxa4 {[%clk 00:21:38]} {[%emt 00:02:58]}
25. Bd2 {[%clk 00:05:22]} {[%emt 00:09:15]} Qc8 {[%clk 00:19:22]} {[%emt
00:02:47]} 26. Qh5 {[%clk 00:02:50]} {[%emt 00:03:02]} g6 {[%clk 00:14:23]}
{[%emt 00:05:29]} 27. Qh6 {[%clk 00:02:26]} {[%emt 00:00:53]} Bxg5 {[%clk
00:14:06]} {[%emt 00:00:48]} 28. Qxg5 {[%clk 00:01:58]} {[%emt 00:00:58]} Bxf1
{[%clk 00:10:08]} {[%emt 00:04:29]} 29. Kxf1 {[%clk 00:00:49]} {[%emt
00:01:38]} Nc2 {[%clk 00:08:36]} {[%emt 00:02:02]} 30. Bxc2 {[%clk 00:00:35]}
{[%emt 00:00:43]} Rxc2 {[%clk 00:09:01]} {[%emt 00:00:05]} 31. Rf3 {[%clk
00:00:56]} {[%emt 00:00:11]} Rxb2 {[%clk 00:06:10]} {[%emt 00:03:21]} 32. Kg1
{[%clk 00:00:56]} {[%emt 00:00:29]} Qe8 {[%clk 00:04:20]} {[%emt 00:02:20]} 33.
h5 {[%clk 00:00:43]} {[%emt 00:00:43]} Rb3 {[%clk 00:04:05]} {[%emt 00:00:45]}
34. Rf4 {[%clk 00:00:33]} {[%emt 00:00:39]} a3 {[%clk 00:03:46]} {[%emt
00:00:49]} 35. hxg6 {[%clk 00:00:34]} {[%emt 00:00:30]} fxg6 {[%clk 00:03:32]}
{[%emt 00:00:44]} 36. Rh4 {[%clk 00:00:31]} {[%emt 00:00:33]} a2 {[%clk
00:03:04]} {[%emt 00:00:58]} 37. Kh2 {[%clk 00:00:32]} {[%emt 00:00:29]} a1=Q
{[%clk 00:03:19]} {[%emt 00:00:14]} 38. Qf6 {[%clk 00:00:45]} {[%emt 00:00:17]}
Rb7 {[%clk 00:03:08]} {[%emt 00:00:42]} 0-1

[Event "ODJM A 2025"]
[Site "Willingen GER"]
[Date "2025.06.11"]
[Round "6"]
[White "Astner, Sebastian"]
[Black "Direk, Oguzhan"]
[Result "1-0"]
[Termination "normal"]
[Board "25"]
[WhiteElo "1930"]
[BlackElo "1912"]
[WhiteClock "00:26:22"]
[BlackClock "00:39:26"]
[PlyCount "57"]
[WhiteFideId "12979422"]
[BlackFideId "16294343"]
[EventCountry "GER"]
[EventRounds "9"]
[EventType "swiss"]
[EventDate "2025.06.07"]

1. d4 {[%clk 01:30:58]} {[%emt 00:00:02]} d5 {[%clk 01:30:54]} {[%emt
00:00:06]} 2. Nc3 {[%clk 01:31:24]} {[%emt 00:00:04]} c5 {[%clk 01:28:56]}
{[%emt 00:02:29]} 3. Bf4 {[%clk 01:30:57]} {[%emt 00:00:57]} Nf6 {[%clk
01:27:59]} {[%emt 00:01:26]} 4. e4 {[%clk 01:31:23]} {[%emt 00:00:04]} dxe4
{[%clk 01:28:20]} {[%emt 00:00:09]} 5. dxc5 {[%clk 01:31:45]} {[%emt 00:00:08]}
Qa5 {[%clk 01:26:50]} {[%emt 00:01:59]} 6. Qd2 {[%clk 01:17:59]} {[%emt
00:14:17]} Qxc5 {[%clk 01:23:32]} {[%emt 00:03:48]} 7. O-O-O {[%clk 01:17:00]}
{[%emt 00:01:30]} Nbd7 {[%clk 01:17:45]} {[%emt 00:06:16]} 8. Bb5 {[%clk
00:57:45]} {[%emt 00:19:46]} e5 {[%clk 01:06:32]} {[%emt 00:11:42]} 9. Bg5
{[%clk 00:47:15]} {[%emt 00:11:00]} a6 {[%clk 00:47:38]} {[%emt 00:19:24]} 10.
Bxd7+ {[%clk 00:46:33]} {[%emt 00:01:12]} Nxd7 {[%clk 00:48:00]} {[%emt
00:00:09]} 11. Nxe4 {[%clk 00:45:49]} {[%emt 00:01:13]} Qb4 {[%clk 00:46:59]}
{[%emt 00:01:32]} 12. Qd5 {[%clk 00:39:24]} {[%emt 00:06:55]} h6 {[%clk
00:41:24]} {[%emt 00:06:04]} 13. Qxe5+ {[%clk 00:37:11]} {[%emt 00:02:44]} Be7
{[%clk 00:40:26]} {[%emt 00:01:27]} 14. Bxe7 {[%clk 00:36:26]} {[%emt
00:01:15]} Qxe7 {[%clk 00:39:42]} {[%emt 00:01:14]} 15. Qxg7 {[%clk 00:36:37]}
{[%emt 00:00:19]} Rf8 {[%clk 00:39:45]} {[%emt 00:00:26]} 16. Nf3 {[%clk
00:35:30]} {[%emt 00:01:38]} b5 {[%clk 00:38:07]} {[%emt 00:02:08]} 17. Rhe1
{[%clk 00:33:22]} {[%emt 00:02:37]} Kd8 {[%clk 00:38:31]} {[%emt 00:00:07]} 18.
Qxh6 {[%clk 00:26:16]} {[%emt 00:07:37]} Rb8 {[%clk 00:36:22]} {[%emt
00:02:37]} 19. Nf6 {[%clk 00:24:30]} {[%emt 00:02:16]} Qb4 {[%clk 00:36:29]}
{[%emt 00:00:24]} 20. a3 {[%clk 00:24:01]} {[%emt 00:01:00]} Qc5 {[%clk
00:36:40]} {[%emt 00:00:17]} 21. Rd5 {[%clk 00:23:58]} {[%emt 00:00:35]} Qxf2
{[%clk 00:36:57]} {[%emt 00:00:12]} 22. Qxf8+ {[%clk 00:24:21]} {[%emt
00:00:06]} Kc7 {[%clk 00:37:20]} {[%emt 00:00:08]} 23. Qd6+ {[%clk 00:24:42]}
{[%emt 00:00:09]} Kb7 {[%clk 00:37:39]} {[%emt 00:00:10]} 24. Nxd7 {[%clk
00:25:06]} {[%emt 00:00:07]} Bxd7 {[%clk 00:37:56]} {[%emt 00:00:12]} 25. Qxd7+
{[%clk 00:25:29]} {[%emt 00:00:08]} Ka8 {[%clk 00:38:23]} {[%emt 00:00:03]} 26.
Qc6+ {[%clk 00:25:29]} {[%emt 00:00:30]} Rb7 {[%clk 00:38:42]} {[%emt
00:00:11]} 27. Qxa6+ {[%clk 00:25:43]} {[%emt 00:00:16]} Qa7 {[%clk 00:39:04]}
{[%emt 00:00:08]} 28. Re8+ {[%clk 00:26:03]} {[%emt 00:00:10]} Rb8 {[%clk
00:39:26]} {[%emt 00:00:07]} 29. Rxb8+ {[%clk 00:26:22]} {[%emt 00:00:11]} 1-0